000 00835nam a2200277 i 4500
001 147051
003 ES-MaACL
005 20260216063021.0
007 t|
008 070920s1985 sp ||||1| spa d
020 _a84-309-1142-1
080 _a007
080 _a159.9.016.5
100 1 _aTuring, Alan Mathison
_9140034
245 1 0 _aMentes y máquinas /
_cA.M. Turing, H. Putnam, D. Davidson.
260 _aMadrid :
_bTecnos,
_c1985.
300 _a126 p. ;
_c18 cm.
490 1 _aCuadernos de Filosofía y Ensayo
650 1 4 _aInteligencia.
_913860
650 1 7 _aFuncionalismo (Psicología)
_2embne
_913008
700 1 _aPutnam, Hilary.
_994434
700 1 _aDavidson, Donald.
_942896
830 0 _aCuadernos de Filosofía y Ensayo
_9179716
852 _aES-MaACL
_jL-6273
_bR.109270
999 _c147051
_d147051